| 000 | 01816nam a2200325 a 4500 | ||
|---|---|---|---|
| 001 | BRCA_2597 | ||
| 005 | 20190320203901.0 | ||
| 008 | 281108s1879----sp-a---###---#000-0dspa-u | ||
| 041 | _aspa | ||
| 044 | _asp | ||
| 050 | 4 |
_a179 _b.G39 _c1879 |
|
| 100 | 1 |
_aCervantes Saavedra, Miguel de _d1547-1616 _9213 |
|
| 245 | 1 | 0 |
_aEl Ingenioso Hidalgo Don Quijote de la Mancha _ccompuesto por Miguel de Cervantes Saavedra. |
| 260 |
_aMadrid _bLibreria e imprenta de Gaspar _c1879 |
||
| 300 |
_a540 p. _bil. _c28 cm. |
||
| 440 | 0 |
_aBiblioteca ilustrada de Gaspar y Roig _97304 |
|
| 500 | _aContenido : Primera parte. Escudo de la edición príncipe. Dedicatoria del autor. Nota de los editores. Retrato de Cervantes. Prólogo del autor. Versos preliminares. Texto. Segunda parte. Dedicatoria del autor. Prólogo del autor. Vida de Cervantes. Buscapié. Prólo y notas por A. de Castro. Texto | ||
| 500 | _aEdición : Novisima edición con notas historia, crítica y gramatica de la Academia Española, Pellicer, Arrieta, Clemancín, Cuesta, Janer, etc. Aumentada con El Buscapié anotada por A. de Castro, adornado con 300 grabados intercalados, láminas sueltas y el retrato del autor grabado en acero | ||
| 500 | _aEjemplar enteramente igual al LO-179. Semipiel; lomera decorada con filetes dorados Lúdovik Osterc | ||
| 500 | _aQM178 | ||
| 650 | 1 | 4 |
_aNovela española _yÉpoca clásica, 1500-1700 _9215 |
| 650 | 1 | 4 |
_aLiteratura española _yÉpoca clásica, 1500-1700 _9216 |
| 650 | 1 | 4 |
_aNovela española _ySiglo XVII _9217 |
| 650 | 1 | 4 |
_aDon Quijote (Personaje ficticio) _eNovela _9218 |
| 700 | 1 |
_aBuenaventura, Carlos Aribau _d1798-1862 _eBiógrafo _97414 |
|
| 700 | 1 |
_aCastro y Rossi, Adolfo de _d1823-1898 _eAnotador _97415 |
|
| 740 | 0 | _aEl Ingenioso Hidalgo Don Quijote de la Mancha | |
| 902 | _aQFM | ||
| 942 |
_2lcc _cB |
||
| 999 |
_c2337 _d2337 |
||